<?xml version="1.0" encoding="UTF-8"?>
<record
    xmlns:xsi="http://www.w3.org/2001/XMLSchema-instance"
    xsi:schemaLocation="http://www.loc.gov/MARC21/slim http://www.loc.gov/standards/marcxml/schema/MARC21slim.xsd"
    xmlns="http://www.loc.gov/MARC21/slim">

  <leader>00760na  a2200217   4500</leader>
  <controlfield tag="001">23298</controlfield>
  <controlfield tag="003">MIRAKIL</controlfield>
  <controlfield tag="005">20181213155205.0</controlfield>
  <controlfield tag="008">170825b        tu            000 0      </controlfield>
  <datafield tag="040" ind1=" " ind2=" ">
    <subfield code="a">Milas</subfield>
    <subfield code="b">tur</subfield>
    <subfield code="c">TR-AnCHP</subfield>
  </datafield>
  <datafield tag="041" ind1=" " ind2=" ">
    <subfield code="a">tur</subfield>
  </datafield>
  <datafield tag="110" ind1=" " ind2=" ">
    <subfield code="a">T.C. &#x130;&#xE7;i&#x15F;leri Bakanl&#x131;&#x11F;&#x131;</subfield>
  </datafield>
  <datafield tag="245" ind1=" " ind2=" ">
    <subfield code="a">&#x130;dare taksimat&#x131; 1946</subfield>
    <subfield code="c">T.C. &#x130;&#xE7;i&#x15F;leri Bakanl&#x131;&#x11F;&#x131; (Vilayetler idaresi genel m&#xFC;d&#xFC;rl&#xFC;&#x11F;&#xFC; taraf&#x131;ndan haz&#x131;rlanm&#x131;&#x15F;t&#x131;r.)</subfield>
  </datafield>
  <datafield tag="260" ind1=" " ind2=" ">
    <subfield code="a">Ankara</subfield>
    <subfield code="b">T.C. &#x130;&#xE7;i&#x15F;leri Bakanl&#x131;&#x11F;&#x131;</subfield>
    <subfield code="c">1946</subfield>
    <subfield code="f">Ak&#x131;n Matbaas&#x131;</subfield>
  </datafield>
  <datafield tag="300" ind1=" " ind2=" ">
    <subfield code="a">133 s.</subfield>
    <subfield code="c">22 sm.</subfield>
  </datafield>
  <datafield tag="440" ind1=" " ind2=" ">
    <subfield code="a">T.C. &#x130;&#xE7;i&#x15F;leri Bakanl&#x131;&#x11F;&#x131; yay&#x131;nlar&#x131;ndan seri</subfield>
    <subfield code="v">2</subfield>
  </datafield>
  <datafield tag="490" ind1=" " ind2=" ">
    <subfield code="a">T.C. &#x130;&#xE7;i&#x15F;leri Bakanl&#x131;&#x11F;&#x131; yay&#x131;nlar&#x131;ndan say&#x131;</subfield>
    <subfield code="v">3</subfield>
  </datafield>
  <datafield tag="500" ind1=" " ind2=" ">
    <subfield code="a">GE&#xC7;&#x130;C&#x130; KATALOG KAYDIDIR.</subfield>
  </datafield>
  <datafield tag="942" ind1=" " ind2=" ">
    <subfield code="2">ddc</subfield>
    <subfield code="c">BKS</subfield>
  </datafield>
  <datafield tag="952" ind1=" " ind2=" ">
    <subfield code="a">0001</subfield>
    <subfield code="b">0001</subfield>
    <subfield code="d">2017-08-25</subfield>
    <subfield code="e">2</subfield>
    <subfield code="l">0</subfield>
    <subfield code="p">017284</subfield>
    <subfield code="r">2017-08-25 00:00:00</subfield>
    <subfield code="v">0.00</subfield>
    <subfield code="w">2017-08-25</subfield>
    <subfield code="y">BKS</subfield>
  </datafield>
  <datafield tag="999" ind1=" " ind2=" ">
    <subfield code="c">8263</subfield>
    <subfield code="d">8263</subfield>
  </datafield>
</record>
